10 Zufällige Länder Alphabetisch - Blind Sortieren - Statistiken

Allgemein
  • Dieses Quiz wurde 6.943 mal gespielt
    6.920 seit der letzten Aktualisierung
  • Das Durchschnittsergebnis liegt bei 5 aus 10
Antworten auf der Karte
Die Antworten werden auf der Karte rot bzw. grün angezeigt, abhängig davon wie oft sie richtig erraten wurden.
 
Antwortstatistiken
Länder % Korrekt
Dominica
72%
Äthiopien
70%
Estland
70%
Taiwan
70%
Andorra
69%
Kamerun
68%
China
67%
Albanien
66%
Haiti
66%
Bhutan
65%
Burundi
65%
Bahamas
64%
Finnland
64%
Israel
64%
Libyen
64%
Uruguay
64%
Vereinigte Staaten
64%
Australien
63%
Bahrain
63%
Demokratische Republik Kongo
63%
Gabun
63%
Kroatien
63%
Portugal
63%
Katar
62%
Myanmar
62%
Vatikanstadt
62%
Barbados
61%
Brunei
61%
Costa Rica
61%
Luxemburg
61%
Belize
60%
Chile
60%
El Salvador
60%
Eswatini
60%
Georgien
60%
Honduras
60%
Jemen
60%
Malta
60%
Mongolei
60%
Tuvalu
60%
Bolivien
59%
Ecuador
59%
Guatemala
59%
Kasachstan
59%
Monaco
59%
Sudan
59%
Ungarn
59%
Venezuela
59%
Botswana
58%
Bulgarien
58%
Dänemark
58%
Irak
58%
Nauru
58%
Papua-Neuguinea
58%
Südkorea
58%
Ukraine
58%
Kolumbien
57%
Kosovo
57%
Mali
57%
Mauretanien
57%
Oman
57%
Österreich
57%
Tschad
57%
Vietnam
57%
Algerien
56%
Belarus
56%
Brasilien
56%
Grenada
56%
Japan
56%
Komoren
56%
Liberia
56%
Nepal
56%
San Marino
56%
St. Vincent und die Grenadinen
56%
Togo
56%
Tunesien
56%
Ghana
55%
Island
55%
Kirgisistan
55%
Kuwait
55%
São Tomé und Príncipe
55%
Tansania
55%
Ägypten
54%
Aserbaidschan
54%
Dominikanische Republik
54%
Guinea-Bissau
54%
Kiribati
54%
Laos
54%
Mauritius
54%
Mexiko
54%
Niederlande
54%
Polen
54%
Rumänien
54%
Serbien
54%
Suriname
54%
Trinidad und Tobago
54%
Benin
53%
Frankreich
53%
Guyana
53%
Indonesien
53%
Irland
53%
Libanon
53%
Liechtenstein
53%
Litauen
53%
Namibia
53%
Nordmazedonien
53%
Peru
53%
Samoa
53%
Slowenien
53%
Usbekistan
53%
Zypern
53%
Antigua und Barbuda
52%
Äquatorialguinea
52%
Kap Verde
52%
Lettland
52%
Madagaskar
52%
Malawi
52%
Mosambik
52%
Nicaragua
52%
Nordkorea
52%
Palau
52%
Russland
52%
Syrien
52%
Türkei
52%
Elfenbeinküste
51%
Eritrea
51%
Iran
51%
Marshall Inseln
51%
Philippinen
51%
Salomonen
51%
Sierra Leone
51%
Slowakei
51%
Südsudan
51%
Uganda
51%
Vanuatu
51%
Afghanistan
50%
Armenien
50%
Deutschland
50%
Föderierte Staaten von Mikronesien
50%
Gambia
50%
Jordanien
50%
Kuba
50%
Norwegen
50%
Spanien
50%
Tadschikistan
50%
Turkmenistan
50%
Zentralafrikanische Republik
50%
Dschibuti
49%
Kanada
49%
Neuseeland
49%
Osttimor
49%
Panama
49%
Republik Kongo
49%
Sambia
49%
Senegal
49%
Tonga
49%
Argentinien
48%
Bosnien und Herzegowina
48%
Griechenland
48%
Guinea
48%
Jamaika
48%
Moldawien
48%
Pakistan
48%
Paraguay
48%
Schweden
48%
Simbabwe
48%
Singapur
48%
St. Kitts und Nevis
48%
Bangladesch
47%
Fidschi
47%
Nigeria
47%
Somalia
47%
Tschechien
47%
Vereinigtes Königreich
47%
Indien
46%
Kambodscha
46%
Kenia
46%
Malaysia
46%
Marokko
46%
Montenegro
46%
Saudi Arabien
46%
Schweiz
46%
Lesotho
45%
Sri Lanka
44%
Südafrika
44%
Thailand
44%
Vereinigte Arabische Emirate
44%
Belgien
43%
Malediven
43%
Ruanda
42%
Seychellen
41%
Burkina Faso
40%
Angola
39%
St. Lucia
39%
Italien
38%
Niger
34%
Keine übereinstimmenden Quizze gefunden
Verteilung der Resultate
Anzahl Personen mit jedem Resultat
Perzentil nach korrekt beantworteten Fragen
Ihre Resultats-Entwicklung
Sie haben dieses Quiz seit der letzten Aktualisierung nicht gespielt